000 00547nam a2200181Ia 4500
008 100920s9999 xx 000 0 und d
082 _b98004
_a--- न 07
100 _aवैदय सुरेश.
245 _aनातीगोती.
260 _bपायल पब्लिकेशन, पुणे.
_c2007
300 _a224
_bसाधी
365 _b210
520 _aकादंबरी.
630 _aनातीगोती.
650 _aकादंबरी.
730 _aनातीगोती.
942 _cBOOK
999 _c738442
_d738439